Pemindahan teknologi dalam industri elektronik di Malaysia / (Record no. 2583)

000 -LEADER
fixed length control field nam a22 a 4500
003 - CONTROL NUMBER IDENTIFIER
control field AKMAL
005 - DATE AND TIME OF LATEST TRANSACTION
control field 20170517113859.0
008 - FIXED-LENGTH DATA ELEMENTS--GENERAL INFORMATION
fixed length control field 170517s1994 my a00 may d
020 ## - INTERNATIONAL STANDARD BOOK NUMBER
International Standard Book Number 983624395X (kkt.):
Terms of availability RM 10.00
040 ## - CATALOGING SOURCE
Original cataloging agency AKMAL
082 04 - DEWEY DECIMAL CLASSIFICATION NUMBER
Classification number 621.3 ABI
090 ## - LOCALLY ASSIGNED LC-TYPE CALL NUMBER (OCLC); LOCAL CALL NUMBER (RLIN)
Classification number (OCLC) (R) ; Classification number, CALL (RLIN) (NR) 621.3
Local cutter number (OCLC) ; Book number/undivided call number, CALL (RLIN) ABI
100 1# - MAIN ENTRY--PERSONAL NAME
Personal name Abibullah Haji Samsuddin
9 (RLIN) 3607
245 10 - TITLE STATEMENT
Title Pemindahan teknologi dalam industri elektronik di Malaysia /
Statement of responsibility, etc. Abibullah Hj. Samsudin., Morshidi Sirat., Kamarulazizi Ibrahim
260 ## - PUBLICATION, DISTRIBUTION, ETC.
Place of publication, distribution, etc. Kuala Lumpur :
Name of publisher, distributor, etc. Dewan Bahasa dan Pustaka,
Date of publication, distribution, etc. 1944
300 ## - PHYSICAL DESCRIPTION
Extent x, 95ms. :
Other physical details il. peta. ;
Dimensions 24cm
500 ## - GENERAL NOTE
General note Mengandungi indeks
504 ## - BIBLIOGRAPHY, ETC. NOTE
Bibliography, etc. note Bibliografi: ms. 87-89
650 ## - SUBJECT ADDED ENTRY--TOPICAL TERM
Topical term or geographic name entry element Electronics industries
Geographic subdivision Malaysia
9 (RLIN) 5392
650 ## - SUBJECT ADDED ENTRY--TOPICAL TERM
Topical term or geographic name entry element Technology transfer
Geographic subdivision Malaysia
9 (RLIN) 5393
700 0# - ADDED ENTRY--PERSONAL NAME
Personal name Morshidi Sirat,
Dates associated with a name 1955-
9 (RLIN) 3611
700 0# - ADDED ENTRY--PERSONAL NAME
Personal name Kamarulazizi Ibrahim
9 (RLIN) 5394
942 ## - ADDED ENTRY ELEMENTS (KOHA)
Source of classification or shelving scheme
Koha item type Book
Holdings
Withdrawn status Lost status Source of classification or shelving scheme Damaged status Not for loan Collection code Home library Current library Shelving location Date acquired Inventory number Total Checkouts Full call number Barcode Date last seen Price effective from Koha item type
          NON-FICTION AKMAL Melaka AKMAL Melaka PINJAMAN 17.05.2017 601440   621.3 ABI 201703403 17.05.2017 17.05.2017 Book
          NON-FICTION AKMAL Melaka AKMAL Melaka PINJAMAN 17.05.2017 601439   621.3 ABI 201703298 18.05.2017 17.05.2017 Book
Pusat Sumber Maklumat Dato' Haji Sarmin Md Hussin, Akademi Kastam Diraja Malaysia, Melaka
Tel: 06-2331106 | Faks: 06-2313787